Catálogo

PRISMAS LITERARIOS (Registro nro. 33656)

Detalles MARC
000 -LEADER
fixed length control field 00445nam a2200181 a 4500
001 - CONTROL NUMBER
control field 33656
005 - DATE AND TIME OF LATEST TRANSACTION
control field 20180714001627.0
008 - FIXED-LENGTH DATA ELEMENTS--GENERAL INFORMATION
fixed length control field 140415s1975 000 0 spa d
041 ## - LANGUAGE CODE
Language code of text/sound track or separate title spa
082 ## - DEWEY DECIMAL CLASSIFICATION NUMBER
Classification number 861
Item number MUR
100 1# - MAIN ENTRY--PERSONAL NAME
Personal name MURAD Y MURAD, JOSE
245 10 - TITLE STATEMENT
Title PRISMAS LITERARIOS
260 ## - PUBLICATION, DISTRIBUTION, ETC.
Place of publication, distribution, etc. [s.l.] :
Name of publisher, distributor, etc. ATENEO DE PUEBLA,
Date of publication, distribution, etc. 1975
300 ## - PHYSICAL DESCRIPTION
Extent 24
490 ## - SERIES STATEMENT
Series statement COL.PUEBLA
500 ## - GENERAL NOTE
General note COLECCIÓN PUEBLA
650 14 - SUBJECT ADDED ENTRY--TOPICAL TERM
Topical term or geographic name entry element POESIA
Existencias
Withdrawn status Lost status Source of classification or shelving scheme Damaged status Not for loan Collection code Home library Current library Shelving location Date acquired Source of acquisition Inventory number Total Checkouts Full call number Barcode Date last seen Price effective from Koha item type
    Dewey Decimal Classification   Consulta en sala Puebla Biblioteca Karol Wojtyla Biblioteca Karol Wojtyla Área de silencio 03/12/2013 Compra 151000000000000000072896   861 MUR 51199 05/01/2026 03/12/2013 Libro